[Event "DEM U12w 2022"]
[Site "Willingen GER"]
[Date "2022.06.07"]
[Round "4"]
[White "Rafikova, Ailin"]
[Black "Türel, Tugce"]
[Result "0-1"]
[Termination "normal"]
[Board "12"]
[WhiteElo "1273"]
[BlackElo "1312"]
[WhiteClock "00:08:24"]
[BlackClock "01:18:10"]
[PlyCount "178"]
[WhiteFideId "34612173"]
[BlackFideId "26350602"]
[EventCountry "GER"]
[EventRounds "9"]
[EventType "swiss"]
[EventDate "2022.06.04"]

1. e4 {[%clk 01:30:52]} {[%emt 00:00:07]} e5 {[%clk 01:30:55]} {[%emt
00:00:06]} 2. Nf3 {[%clk 01:31:07]} {[%emt 00:00:15]} Nc6 {[%clk 01:31:20]}
{[%emt 00:00:04]} 3. Bc4 {[%clk 01:31:07]} {[%emt 00:00:31]} Bc5 {[%clk
01:31:45]} {[%emt 00:00:05]} 4. c3 {[%clk 01:31:22]} {[%emt 00:00:15]} Nf6
{[%clk 01:32:10]} {[%emt 00:00:05]} 5. d3 {[%clk 01:31:23]} {[%emt 00:00:29]}
O-O {[%clk 01:32:33]} {[%emt 00:00:07]} 6. Nbd2 {[%clk 01:29:44]} {[%emt
00:02:09]} d6 {[%clk 01:32:21]} {[%emt 00:00:42]} 7. h3 {[%clk 01:29:31]}
{[%emt 00:00:43]} Be6 {[%clk 01:32:09]} {[%emt 00:00:42]} 8. Bb3 {[%clk
01:28:17]} {[%emt 00:01:43]} h6 {[%clk 01:30:38]} {[%emt 00:02:00]} 9. Nf1
{[%clk 01:25:03]} {[%emt 00:03:45]} d5 {[%clk 01:29:52]} {[%emt 00:01:17]} 10.
Qe2 {[%clk 01:23:08]} {[%emt 00:02:24]} dxe4 {[%clk 01:28:51]} {[%emt
00:01:32]} 11. dxe4 {[%clk 01:22:24]} {[%emt 00:01:12]} Qd7 {[%clk 01:28:37]}
{[%emt 00:00:45]} 12. Ng3 {[%clk 01:20:37]} {[%emt 00:02:17]} Rfd8 {[%clk
01:28:25]} {[%emt 00:00:41]} 13. O-O {[%clk 01:19:23]} {[%emt 00:01:44]} Qd3
{[%clk 01:27:40]} {[%emt 00:01:15]} 14. Qxd3 {[%clk 01:17:29]} {[%emt
00:02:23]} Rxd3 {[%clk 01:28:07]} {[%emt 00:00:05]} 15. Bxe6 {[%clk 01:16:35]}
{[%emt 00:01:24]} fxe6 {[%clk 01:28:31]} {[%emt 00:00:06]} 16. b4 {[%clk
01:12:07]} {[%emt 00:04:58]} Bb6 {[%clk 01:28:23]} {[%emt 00:00:38]} 17. Bb2
{[%clk 01:08:09]} {[%emt 00:04:27]} a6 {[%clk 01:26:42]} {[%emt 00:02:12]} 18.
a3 {[%clk 01:03:09]} {[%emt 00:05:31]} Rad8 {[%clk 01:25:44]} {[%emt 00:01:27]}
19. a4 {[%clk 00:54:24]} {[%emt 00:09:16]} Ra8 {[%clk 01:20:38]} {[%emt
00:05:34]} 20. Kh2 {[%clk 00:47:05]} {[%emt 00:07:50]} Ba7 {[%clk 01:19:20]}
{[%emt 00:01:48]} 21. b5 {[%clk 00:44:17]} {[%emt 00:03:18]} Na5 {[%clk
01:17:57]} {[%emt 00:01:52]} 22. Nxe5 {[%clk 00:40:22]} {[%emt 00:04:25]} Rd2
{[%clk 01:18:15]} {[%emt 00:00:14]} 23. Rab1 {[%clk 00:37:15]} {[%emt
00:03:36]} Bxf2 {[%clk 01:17:21]} {[%emt 00:01:23]} 24. Nf3 {[%clk 00:29:27]}
{[%emt 00:08:19]} Bxg3+ {[%clk 01:13:40]} {[%emt 00:04:11]} 25. Kxg3 {[%clk
00:29:12]} {[%emt 00:00:42]} Nxe4+ {[%clk 01:09:54]} {[%emt 00:04:19]} 26. Kh2
{[%clk 00:19:41]} {[%emt 00:10:00]} Rd3 {[%clk 01:02:00]} {[%emt 00:08:23]} 27.
Ne5 {[%clk 00:16:00]} {[%emt 00:04:12]} Rd5 {[%clk 00:59:32]} {[%emt 00:02:55]}
28. Nf3 {[%clk 00:13:11]} {[%emt 00:03:21]} Nc4 {[%clk 00:58:50]} {[%emt
00:01:14]} 29. Bc1 {[%clk 00:10:52]} {[%emt 00:02:49]} Rf8 {[%clk 00:58:46]}
{[%emt 00:00:34]} 30. Re1 {[%clk 00:09:40]} {[%emt 00:01:43]} Nxc3 {[%clk
00:58:55]} {[%emt 00:00:21]} 31. Rb4 {[%clk 00:08:07]} {[%emt 00:02:02]} axb5
{[%clk 00:59:08]} {[%emt 00:00:17]} 32. axb5 {[%clk 00:08:21]} {[%emt
00:00:16]} Nd6 {[%clk 00:58:55]} {[%emt 00:00:43]} 33. b6 {[%clk 00:06:44]}
{[%emt 00:02:07]} cxb6 {[%clk 00:57:53]} {[%emt 00:01:32]} 34. Rxb6 {[%clk
00:06:03]} {[%emt 00:01:10]} Nce4 {[%clk 00:57:13]} {[%emt 00:01:10]} 35. Ba3
{[%clk 00:05:16]} {[%emt 00:01:18]} Re8 {[%clk 00:52:59]} {[%emt 00:04:41]} 36.
Rb4 {[%clk 00:04:34]} {[%emt 00:01:14]} Ra5 {[%clk 00:51:43]} {[%emt 00:01:46]}
37. Bb2 {[%clk 00:03:59]} {[%emt 00:01:05]} Nf6 {[%clk 00:50:51]} {[%emt
00:01:21]} 38. Nd4 {[%clk 00:03:37]} {[%emt 00:00:54]} Kf7 {[%clk 00:49:24]}
{[%emt 00:01:55]} 39. Nf3 {[%clk 00:02:21]} {[%emt 00:01:47]} Rb5 {[%clk
00:49:13]} {[%emt 00:00:43]} 40. Ba3 {[%clk 00:01:30]} {[%emt 00:01:20]} Rxb4
{[%clk 00:48:16]} {[%emt 00:01:27]} 41. Bxb4 {[%clk 00:01:47]} {[%emt
00:00:11]} Nde4 {[%clk 00:48:05]} {[%emt 00:00:42]} 42. Ne5+ {[%clk 00:00:41]}
{[%emt 00:01:34]} Kg8 {[%clk 00:48:02]} {[%emt 00:00:29]} 43. Ra1 {[%clk
00:28:43]} {[%emt 00:02:34]} Nd5 {[%clk 01:18:00]} {[%emt 00:00:29]} 44. Be1
{[%clk 00:27:38]} {[%emt 00:01:37]} b5 {[%clk 01:14:41]} {[%emt 00:03:51]} 45.
Rb1 {[%clk 00:23:01]} {[%emt 00:05:07]} Nec3 {[%clk 01:13:49]} {[%emt
00:01:21]} 46. Bxc3 {[%clk 00:21:08]} {[%emt 00:02:24]} Nxc3 {[%clk 01:14:11]}
{[%emt 00:00:08]} 47. Rb3 {[%clk 00:19:54]} {[%emt 00:01:43]} Rc8 {[%clk
01:13:24]} {[%emt 00:01:16]} 48. Nd3 {[%clk 00:17:53]} {[%emt 00:02:29]} Kf7
{[%clk 01:13:18]} {[%emt 00:00:40]} 49. Ne5+ {[%clk 00:14:21]} {[%emt
00:04:01]} Ke7 {[%clk 01:13:22]} {[%emt 00:00:17]} 50. Kg1 {[%clk 00:12:03]}
{[%emt 00:02:56]} Kd6 {[%clk 01:13:14]} {[%emt 00:00:37]} 51. Nd3 {[%clk
00:11:06]} {[%emt 00:01:29]} Kd5 {[%clk 01:13:14]} {[%emt 00:00:25]} 52. Rb4
{[%clk 00:09:39]} {[%emt 00:02:02]} Rc4 {[%clk 01:13:11]} {[%emt 00:00:31]} 53.
Rb3 {[%clk 00:08:48]} {[%emt 00:01:21]} Ne2+ {[%clk 01:12:06]} {[%emt
00:01:39]} 54. Kf2 {[%clk 00:08:23]} {[%emt 00:00:50]} Nd4 {[%clk 01:12:30]}
{[%emt 00:00:10]} 55. Rb1 {[%clk 00:07:41]} {[%emt 00:01:06]} Ke4 {[%clk
01:12:22]} {[%emt 00:00:45]} 56. Nb4 {[%clk 00:06:27]} {[%emt 00:01:32]} e5
{[%clk 01:11:28]} {[%emt 00:01:35]} 57. Re1+ {[%clk 00:05:24]} {[%emt
00:01:31]} Kf5 {[%clk 01:11:16]} {[%emt 00:00:41]} 58. Rb1 {[%clk 00:05:20]}
{[%emt 00:00:35]} Nc2 {[%clk 01:11:07]} {[%emt 00:00:40]} 59. Nd3 {[%clk
00:04:10]} {[%emt 00:01:40]} b4 {[%clk 01:10:52]} {[%emt 00:00:46]} 60. Rb3
{[%clk 00:03:23]} {[%emt 00:01:17]} Rc3 {[%clk 01:10:52]} {[%emt 00:00:30]} 61.
Rxc3 {[%clk 00:03:01]} {[%emt 00:00:52]} bxc3 {[%clk 01:11:15]} {[%emt
00:00:07]} 62. Ke2 {[%clk 00:03:04]} {[%emt 00:00:26]} Ke4 {[%clk 01:11:28]}
{[%emt 00:00:18]} 63. Nf2+ {[%clk 00:02:36]} {[%emt 00:00:58]} Kd4 {[%clk
01:11:44]} {[%emt 00:00:13]} 64. Nd3 {[%clk 00:02:30]} {[%emt 00:00:36]} e4
{[%clk 01:11:52]} {[%emt 00:00:24]} 65. Nc1 {[%clk 00:02:29]} {[%emt 00:00:29]}
Nb4 {[%clk 01:11:35]} {[%emt 00:00:36]} 66. Kd1 {[%clk 00:02:31]} {[%emt
00:00:39]} c2+ {[%clk 01:11:54]} {[%emt 00:00:12]} 67. Kd2 {[%clk 00:02:48]}
{[%emt 00:00:12]} e3+ {[%clk 01:12:11]} {[%emt 00:00:13]} 68. Ke2 {[%clk
00:02:52]} {[%emt 00:00:25]} Nd5 {[%clk 01:12:18]} {[%emt 00:00:24]} 69. g3
{[%clk 00:02:58]} {[%emt 00:00:26]} Kc3 {[%clk 01:12:27]} {[%emt 00:00:19]} 70.
h4 {[%clk 00:02:56]} {[%emt 00:00:33]} Kb2 {[%clk 01:12:38]} {[%emt 00:00:18]}
71. Nd3+ {[%clk 00:03:14]} {[%emt 00:00:12]} Kb1 {[%clk 01:12:56]} {[%emt
00:00:12]} 72. h5 {[%clk 00:03:27]} {[%emt 00:00:18]} c1=Q {[%clk 01:13:01]}
{[%emt 00:00:25]} 73. Nxc1 {[%clk 00:03:42]} {[%emt 00:00:14]} Kxc1 {[%clk
01:13:25]} {[%emt 00:00:06]} 74. g4 {[%clk 00:03:57]} {[%emt 00:00:15]} Kc2
{[%clk 01:13:43]} {[%emt 00:00:12]} 75. Ke1 {[%clk 00:04:00]} {[%emt 00:00:28]}
Nc3 {[%clk 01:14:00]} {[%emt 00:00:13]} 76. g5 {[%clk 00:04:16]} {[%emt
00:00:14]} hxg5 {[%clk 01:14:23]} {[%emt 00:00:07]} 77. h6 {[%emt 00:00:17]}
gxh6 {[%clk 01:14:43]} 78. Kf1 {[%clk 00:05:02]} {[%emt 00:00:06]} Kd2 {[%clk
01:15:00]} {[%emt 00:00:13]} 79. Kg2 {[%clk 00:05:19]} {[%emt 00:00:13]} e2
{[%clk 01:15:24]} {[%emt 00:00:07]} 80. Kh3 {[%clk 00:05:24]} {[%emt 00:00:24]}
e1=Q {[%clk 01:15:42]} {[%emt 00:00:13]} 81. Kg4 {[%clk 00:05:46]} {[%emt
00:00:06]} Qe4+ {[%clk 01:16:03]} {[%emt 00:00:09]} 82. Kh5 {[%clk 00:06:08]}
{[%emt 00:00:09]} Qf4 {[%clk 01:16:15]} {[%emt 00:00:17]} 83. Kg6 {[%clk
00:06:26]} {[%emt 00:00:11]} Ne4 {[%clk 01:16:29]} {[%emt 00:00:16]} 84. Kh5
{[%clk 00:06:48]} {[%emt 00:00:09]} Ke3 {[%clk 01:16:41]} {[%emt 00:00:19]} 85.
Kg6 {[%clk 00:07:11]} {[%emt 00:00:07]} Qf6+ {[%clk 01:17:06]} {[%emt
00:00:05]} 86. Kh5 {[%clk 00:07:20]} {[%emt 00:00:21]} Ng3+ {[%clk 01:17:14]}
{[%emt 00:00:23]} 87. Kg4 {[%clk 00:07:41]} {[%emt 00:00:08]} Qf4+ {[%clk
01:17:30]} {[%emt 00:00:14]} 88. Kh3 {[%clk 00:08:02]} {[%emt 00:00:08]} Kf2
{[%clk 01:17:48]} {[%emt 00:00:12]} 89. Kh2 {[%clk 00:08:24]} {[%emt 00:00:07]}
Qh4 {[%clk 01:18:10]} {[%emt 00:00:09]} 0-1

[Event "DEM U12w 2022"]
[Site "Willingen GER"]
[Date "2022.06.07"]
[Round "4"]
[White "John, Linnea"]
[Black "Kopylov, Diana"]
[Result "0-1"]
[Termination "normal"]
[Board "13"]
[WhiteElo "1306"]
[BlackElo "1110"]
[PlyCount "66"]
[WhiteFideId "34623680"]
[BlackFideId "16268865"]
[EventCountry "GER"]
[EventRounds "9"]
[EventType "swiss"]
[EventDate "2022.06.04"]

1. e4 c5 2. Nc3 e6 3. f4 d5 4. e5 Nc6 5. Nf3 Nge7 6. Bb5 Bd7 7. Bxc6 Bxc6 8.
O-O Ng6 9. d3 Be7 10. Bd2 O-O 11. Qe2 Qb6 12. b3 c4+ 13. Kh1 cxd3 14. cxd3 Bb4
15. Nb1 Rac8 16. Qf2 Qxf2 17. Rxf2 Bxd2 18. Nfxd2 Bb5 19. d4 Rc1+ 20. Nf1 Bxf1
21. h3 Bd3+ 22. Kh2 Rxb1 23. Rxb1 Bxb1 24. a3 f6 25. f5 Bxf5 26. g4 Be4 27.
exf6 Rxf6 28. Re2 e5 29. dxe5 Nxe5 30. Kg3 Rf3+ 31. Kh4 Ng6+ 32. Kg5 h6+ 33.
Kh5 Rxh3# 0-1

[Event "DEM U12w 2022"]
[Site "Willingen GER"]
[Date "2022.06.07"]
[Round "4"]
[White "Mader, Theresa"]
[Black "Richter, Johanna"]
[Result "0-1"]
[Termination "normal"]
[Board "15"]
[WhiteElo "1339"]
[BlackElo "1363"]
[PlyCount "182"]
[WhiteFideId "34605657"]
[BlackFideId "16278925"]
[EventCountry "GER"]
[EventRounds "9"]
[EventType "swiss"]
[EventDate "2022.06.04"]

1. d4 Nf6 2. c4 g6 3. Nc3 Bg7 4. g3 O-O 5. Bg2 d6 6. Nf3 Nbd7 7. O-O c5 8. d5
a6 9. b3 Ne4 10. Nxe4 Bxa1 11. Bh6 Bg7 12. Bxg7 Kxg7 13. Qd2 b5 14. h4 Nf6 15.
Nxf6 exf6 16. Qf4 Re8 17. Re1 b4 18. Nd2 Qe7 19. Ne4 Rd8 20. Bf3 Ra7 21. h5 g5
22. Qe3 a5 23. Kh2 a4 24. Qd3 Bf5 25. g4 Bc8 26. Kh3 axb3 27. axb3 h6 28. Ng3
Ra3 29. Rb1 Qe5 30. Be4 Rh8 31. Qc2 Qf4 32. e3 Qxg4+ 33. Kg2 Rd8 34. Qd3 Qh3+
35. Kg1 Qg4 36. Kg2 Ra2 37. Rf1 Kh8 38. Qb1 Ra3 39. Qd3 Qh3+ 40. Kg1 Qg4 41.
Kg2 Qh3+ 42. Kg1 Qg4 43. Kg2 Kg7 44. Qb1 Bd7 45. Qc2 Kh8 46. Qb1 Bc8 47. Qd3
Ra6 48. Qb1 Kg7 49. Qd3 f5 50. Bxf5 Bxf5 51. Qxf5 Qxf5 52. Nxf5+ Kh7 53. Ng3
Ra2 54. Rb1 Re8 55. Nf5 Ra6 56. Rf1 Re5 57. Ng3 Ra2 58. Rb1 f5 59. Kf3 Kg7 60.
Kg2 Kf6 61. Kf3 Ra3 62. Rb2 Ra6 63. Rb1 Ra2 64. Nf1 g4+ 65. Kg2 Kg5 66. Ng3
Rxe3 67. Nf1 Ree2 68. Kg3 f4+ 69. Kg2 Rxf2+ 70. Kg1 Rfb2 71. Re1 Re2 72. Rb1
Rab2 73. Ra1 Rxb3 74. Rc1 Rc3 75. Rb1 Rxc4 76. Rb3 Rc1 77. Rd3 Ree1 78. Rd2
Rxf1+ 79. Kg2 Rg1+ 80. Kf2 Rcf1+ 81. Ke2 Rg2+ 82. Kd3 c4+ 83. Kc2 b3+ 84. Kc3
Rxd2 85. Kxd2 b2 86. Kc3 b1=Q 87. Kxc4 Rd1 88. Kc3 Qc1+ 89. Kb4 Rd2 90. Kb5
Rb2+ 91. Ka5 Qa1# 0-1

[Event "DEM U12w 2022"]
[Site "Willingen GER"]
[Date "2022.06.07"]
[Round "4"]
[White "Ignatova, Gabriela"]
[Black "Xiao, Yiyi"]
[Result "0-1"]
[Termination "normal"]
[Board "16"]
[WhiteElo "1170"]
[BlackElo "1064"]
[PlyCount "68"]
[WhiteFideId "34623698"]
[BlackFideId "34605665"]
[EventCountry "GER"]
[EventRounds "9"]
[EventType "swiss"]
[EventDate "2022.06.04"]

1. e4 e5 2. Nf3 Nc6 3. Bc4 Bc5 4. c3 Nf6 5. d4 exd4 6. cxd4 Bb4+ 7. Nc3 O-O 8.
O-O Bxc3 9. bxc3 Nxe4 10. d5 Na5 11. Bd3 Nc5 12. Ba3 d6 13. h3 Nxd3 14. Qxd3
Qf6 15. Rfe1 Bf5 16. Qb5 b6 17. Re3 a6 18. Qa4 Rad8 19. Rae1 Bd7 20. Qe4 Bb5
21. Bb4 Nc4 22. R3e2 a5 23. Nd4 Ba6 24. Nc6 Ra8 25. Ne7+ Kh8 26. Nf5 axb4 27.
Qe8 Ne5 28. Qxf8+ Rxf8 29. Nd4 Bxe2 30. Rxe2 bxc3 31. Nb5 Qg5 32. Nxc3 Nf3+ 33.
Kf1 Qc1+ 34. Re1 Qxe1# 0-1

[Event "DEM U12w 2022"]
[Site "Willingen GER"]
[Date "2022.06.07"]
[Round "4"]
[White "Rössling, Laura Marie"]
[Black "Chandrasekher, Ritu"]
[Result "0-1"]
[Termination "normal"]
[Board "17"]
[WhiteElo "1063"]
[BlackElo "1312"]
[PlyCount "100"]
[WhiteFideId "16289471"]
[BlackFideId "34609024"]
[EventCountry "GER"]
[EventRounds "9"]
[EventType "swiss"]
[EventDate "2022.06.04"]

1. e4 e5 2. Nf3 Nc6 3. Bc4 Bc5 4. c3 Nf6 5. d4 exd4 6. e5 d5 7. Bb5 Ne4 8. cxd4
Bb6 9. O-O O-O 10. h3 Bd7 11. Nc3 Nxc3 12. bxc3 Nxe5 13. Bxd7 Nxd7 14. Qb3 c6
15. c4 dxc4 16. Qxc4 Nf6 17. Bg5 Qd6 18. Bd2 Rfd8 19. Ne5 Qe6 20. Bc3 Qxc4 21.
Nxc4 Bxd4 22. Rac1 Ne4 23. Bb2 Bxb2 24. Nxb2 Rd2 25. Nc4 Rxa2 26. f3 Ng3 27.
Rfe1 Ne2+ 28. Rxe2 Rxe2 29. Nd6 Rb2 30. Kf1 a5 31. Nc4 Rb4 32. Na3 a4 33. Ke2
Rb3 34. Ra1 b5 35. Kd2 b4 36. Nc4 a3 37. Kc2 Rc3+ 38. Kd2 Rxc4 39. Kd3 Rc3+ 40.
Kd4 a2 41. Ke5 Rb3 42. Kd4 Rb1 43. Rxa2 Rxa2 44. g3 Re1 45. Kc5 Rd1 46. Kxc6
Rc2+ 47. Kb5 b3 48. Ka6 b2 49. Kb5 b1=Q+ 50. Ka4 Ra2# 0-1

[Event "DEM U12w 2022"]
[Site "Willingen GER"]
[Date "2022.06.07"]
[Round "4"]
[White "Zhou, Leyi Charlotte"]
[Black "Wolf, Anna"]
[Result "0-1"]
[Termination "normal"]
[Board "18"]
[WhiteElo "1315"]
[BlackElo "1218"]
[PlyCount "70"]
[WhiteFideId "16258100"]
[BlackFideId "34616993"]
[EventCountry "GER"]
[EventRounds "9"]
[EventType "swiss"]
[EventDate "2022.06.04"]

1. e4 e5 2. Nf3 Nc6 3. d4 exd4 4. Nxd4 Bc5 5. Be3 Qf6 6. c3 Nge7 7. Bc4 Ne5 8.
Be2 Qg6 9. O-O d6 10. f3 O-O 11. Nd2 d5 12. N2b3 Bb6 13. Bd3 f5 14. Nxf5 Bxf5
15. Bxb6 Qxb6+ 16. Kh1 dxe4 17. fxe4 Bg4 18. Bc4+ Kh8 19. Be2 Rad8 20. Rxf8+
Rxf8 21. Bxg4 Nxg4 22. Qxg4 Qf2 23. Qd1 Qxb2 24. Qe1 Rf2 25. Qg1 Re2 26. Qxa7
Rxg2 27. Qb8+ Ng8 28. Qxc7 Qf2 29. Nd4 Rg6 30. Qg3 Rxg3 31. hxg3 Qxg3 32. Nf5
Qxc3 33. Rd1 Qf3+ 34. Kh2 Qxd1 35. e5 Qc2+ 0-1

[Event "DEM U12w 2022"]
[Site "Willingen GER"]
[Date "2022.06.07"]
[Round "4"]
[White "Janssen, Mareike"]
[Black "Mo, Keyou"]
[Result "1-0"]
[Termination "normal"]
[Board "19"]
[WhiteElo "1022"]
[BlackElo "1150"]
[PlyCount "131"]
[WhiteFideId "34607145"]
[BlackFideId "34623582"]
[EventCountry "GER"]
[EventRounds "9"]
[EventType "swiss"]
[EventDate "2022.06.04"]

1. e4 e5 2. Nf3 Nc6 3. Nc3 Nf6 4. Be2 d5 5. d3 d4 6. Nb5 a6 7. Na3 Bc5 8. Nc4
b5 9. Ncxe5 Nxe5 10. Nxe5 Qe7 11. Nf3 Bg4 12. O-O O-O 13. Bg5 h6 14. Bh4 Qe6
15. h3 Bh5 16. Bg3 c6 17. a3 Rad8 18. Bh4 Rd7 19. b4 Bb6 20. Re1 Re8 21. Rc1 c5
22. bxc5 Bxc5 23. Ra1 Qc6 24. Ne5 Rxe5 25. Bxh5 Nxh5 26. Bg3 Nxg3 27. fxg3 Rg5
28. g4 Qd6 29. a4 Bb4 30. h4 Bxe1 31. hxg5 Bc3 32. Ra2 hxg5 33. axb5 axb5 34.
Ra8+ Rd8 35. Ra2 Kf8 36. Qf1 f6 37. Qb1 b4 38. Qb3 Ke7 39. Ra7+ Rd7 40. Rxd7+
Kxd7 41. Qf7+ Qe7 42. Qd5+ Kc7 43. Qa5+ Kd6 44. Qd5+ Kc7 45. Qa5+ Kb7 46. Qb5+
Ka8 47. Qd5+ Qb7 48. Qa5+ Kb8 49. Qd8+ Ka7 50. Qa5+ Qa6 51. Qc7+ Ka8 52. Qd8+
Ka7 53. Qc7+ Qb7 54. Qa5+ Kb8 55. Qd8+ Qc8 56. Qb6+ Ka8 57. Qa5+ Kb7 58. Qb5+
Kc7 59. Qc5+ Kd7 60. Qf5+ Ke7 61. Qxc8 Kd6 62. Kf1 Ke5 63. Ke2 Kf4 64. Kf2 Ke5
65. Qd7 Kf4 66. Qf5# 1-0

[Event "DEM U12w 2022"]
[Site "Willingen GER"]
[Date "2022.06.07"]
[Round "4"]
[White "Milman, Sophie"]
[Black "Abram, Kristina-Maria"]
[Result "1/2-1/2"]
[Termination "normal"]
[Board "20"]
[WhiteElo "1202"]
[BlackElo "1044"]
[PlyCount "43"]
[WhiteFideId "34608885"]
[BlackFideId "16298349"]
[EventCountry "GER"]
[EventRounds "9"]
[EventType "swiss"]
[EventDate "2022.06.04"]

1. e4 d5 2. exd5 Qxd5 3. Nc3 Qa5 4. d4 Nf6 5. Nf3 Bf5 6. Bc4 e6 7. a3 c6 8. Bf4
Ne4 9. Bd2 Nxc3 10. Bxc3 Qc7 11. O-O Nd7 12. Re1 O-O-O 13. a4 a5 14. Qd2 b6 15.
Rec1 Bd6 16. g3 h5 17. b4 h4 18. bxa5 hxg3 19. fxg3 Be4 20. axb6 Nxb6 21. Be2
Bxg3 22. Ba5 1/2-1/2

[Event "DEM U12w 2022"]
[Site "Willingen GER"]
[Date "2022.06.07"]
[Round "4"]
[White "Altmeyer, Hannah"]
[Black "Fomenkova, Elina"]
[Result "0-1"]
[Termination "normal"]
[Board "21"]
[WhiteElo "754"]
[BlackElo "933"]
[PlyCount "90"]
[WhiteFideId "34623892"]
[BlackFideId "34623760"]
[EventCountry "GER"]
[EventRounds "9"]
[EventType "swiss"]
[EventDate "2022.06.04"]

1. e4 e5 2. Nf3 Nf6 3. Bc4 Nc6 4. d3 d5 5. exd5 Nxd5 6. Bg5 Be7 7. Qd2 O-O 8.
Nc3 Nxc3 9. bxc3 Qd6 10. O-O Be6 11. Bxe6 Qxe6 12. Rfe1 Bd6 13. d4 Qf5 14. Qd3
Qxd3 15. cxd3 exd4 16. cxd4 Rfe8 17. d5 Nb4 18. Red1 h6 19. Bh4 Nxd5 20. Bg3
Nc3 21. Rdc1 Ne2+ 22. Kf1 Nxc1 23. Rxc1 Bxg3 24. fxg3 Rac8 25. Nd4 Red8 26. Rc4
c6 27. Ke2 b5 28. Nxc6 Re8+ 29. Kd2 bxc4 30. dxc4 Rxc6 31. Kc3 Re2 32. Kb3 Rxg2
33. a3 Rxh2 34. a4 Rg2 35. Kb4 Rxg3 36. Kb5 Rgg6 37. c5 h5 38. a5 h4 39. Kb4 h3
40. Kb5 h2 41. Kb4 h1=Q 42. Kb5 Qh3 43. Kb4 a6 44. Kc4 Rg5 45. Kb4 Rg4# 0-1